WWE 2K19 Roster - Statistics

General Stats
  • This quiz has been taken 213 times
  • The average score is 94 of 251
Answer Stats
Hint Answer % Correct
AJ Styles
86%
John Cena
82%
John Cena '03
82%
John Cena '13
82%
Roman Reigns
80%
Triple H
77%
Triple H '01
77%
Manager Triple H '13
77%
Triple H '14
77%
Undertaker
77%
Deluxe Undertaker '02
77%
Undertaker '91
77%
Seth Rollins
75%
Randy Orton
74%
Brock Lesnar
70%
Dean Ambrose
70%
Kane
70%
Kane '12
70%
Kane '98
70%
Pre-Order Rey Mysterio
70%
AJ Styles(Gold)
65%
Bray Wyatt
64%
Bray Wyatt '14
64%
The Rock '01
64%
Big E
63%
Edge
63%
Shawn Michaels '05
63%
Shawn Michaels '97
63%
Big Show
62%
Daniel Bryan
61%
Kofi Kingston
61%
Deluxe Ric Flair
59%
Batista
58%
Batista '10
58%
Becky Lynch
58%
Erick Rowan
58%
Erick Rowan '14
58%
Luke Harper
58%
Luke Harper '14
58%
Chris Jericho
57%
Kevin Owens
57%
Kevin Owens '18
57%
Jey Uso
56%
Jey Uso '14
56%
Sami Zayn
56%
Adam Cole
55%
Bryan Danielson
55%
Charlotte Flair
55%
Daniel Bryan '10
55%
Daniel Bryan '12
55%
Daniel Bryan '13
55%
Daniel Bryan '14
55%
Bayley
54%
Braun Strowman
54%
Jimmy Uso
54%
Jimmy Uso '14
54%
Kofi Kingston '12
54%
Alexa Bliss
53%
Andre the Giant
53%
Sasha Banks
53%
Stone Cold Steve Austin
53%
Xavier Woods
53%
Christian
52%
DLC Bobby Lashley
51%
Jeff Hardy
51%
Chris Jericho '00
50%
Chris Jericho '10
50%
Kurt Angle '01
50%
Kurt Angle '06
50%
Matt Hardy
50%
Shane McMahon
50%
The Miz '10
50%
Manager Paul Heyman
49%
Ric Flair '88
49%
Ric Flair '91
49%
Andrade "Cien" Almas
48%
Sheamus
48%
Dolph Ziggler
47%
Asuka
46%
Cesaro
45%
Finn Balor
45%
Finn Balor(Demon)
45%
Shinsuke Nakamura
45%
Pre-Order Ronda Rousey
44%
Zack Ryder
44%
Baron Corbin
43%
Diesel
43%
Drew McIntyre
43%
Goldberg
43%
The Rock
43%
Bret Hart
42%
Bobby Roode
41%
Samoa Joe
41%
Aiden English
40%
Bobby Fish
40%
Johnny Gargano
40%
Randy Savage
40%
Deluxe Randy Savage '92
40%
Stephanie McMahon
40%
Manager Stephanie McMahon '14
40%
Manager Stephanie McMahon(Manager)
40%
Akam
39%
Kevin Nash
39%
Nia Jax
39%
R-Truth
39%
R-Truth '12
39%
Jinder Mahal
38%
Natalya
38%
DLC Ricochet
38%
Bo Dallas
37%
Booker T
37%
Eddie Guerrero
37%
Goldust
37%
Kalisto
37%
Lita
37%
Rezar
37%
Trish Stratus
37%
Ultimate Warrior
37%
Curt Hawkins
36%
Curtis Axel
36%
Rusev
36%
Aleister Black
35%
Roderick Strong
35%
The Miz
35%
Cedric Alexander
34%
Naomi
34%
Nikki Bella
34%
Tamina
34%
Bianca Belair
33%
Brie Bella
33%
Chad Gable
33%
Karl Anderson
33%
Shayna Baszler
33%
Akira Tozawa
32%
Carmella
32%
Liv Morgan
32%
Luke Gallows
32%
Kyle O'Reilly
31%
Rikishi
31%
Shelton Benjamin
31%
Sin Cara
31%
Sting
31%
Sting '91
31%
Sting '98
31%
Sting '99
31%
Apollo Crews
30%
Gran Metalik
30%
Heath Slater
30%
Kairi Sane
30%
Paige
30%
Rhyno
30%
Ruby Riott
30%
Scott Hall
30%
Big Boss Man
29%
Eric Young
29%
Mandy Rose
29%
Mickie James
29%
Pete Dunne
29%
Zelina Vega
29%
Alicia Fox
28%
Beth Phoenix
28%
Fandango
28%
Lince Dorado
28%
Maryse
28%
Montez Ford
28%
Sonya Deville
28%
Vader
28%
Angelo Dawkins
27%
Razor Ramon
27%
Sarah Logan
27%
Alexander Wolfe
26%
Elias
26%
Jim Neidhart
26%
Mr. McMahon
26%
Manager Mr.McMahon(Manager)
26%
Mustafa Ali
26%
Dana Brooke
25%
Jason Jordan
25%
Deluxe Ricky Steamboat '87
25%
Ricky Steamboat '94
25%
Bam Bam Bigelow
24%
Manager Bobby Heenan
24%
Dusty Rhodes
24%
Deluxe Dusty Rhodes '85
24%
British Bulldog
23%
DLC Dakota Kai
23%
Dash Wilder
23%
Drew Gulak
23%
Ember Moon
23%
Konnor
23%
Lana
23%
Mojo Rawley
23%
Tyler Breeze
23%
Billie Kay
22%
DLC EC3
22%
Ivory
22%
Jake Roberts
22%
Viktor
22%
Jacqueline
21%
DLC Lacey Evans
21%
Titus O'Neil
21%
Peyton Royce
20%
Scott Dawson
20%
Tyler Bate
20%
Velveteen Dream
20%
Jack Gallagher
19%
Kassius Ohno
19%
Lars Sullivan
19%
Alundra Blayze
18%
Epico Colon
18%
Otis Dozovic
18%
DDP
17%
Greg Valentine
17%
DLC Hanson
17%
DLC Lio Rush
17%
Mr. Perfect
17%
Primo Colon
17%
DLC Rowe
17%
Tucker Knight
17%
Ariya Daivari
16%
Manager Drake Maverick
16%
Noam Dar
16%
Rick Rude
16%
Deluxe Rowdy Roddy Piper
16%
Barron Blade
15%
Lex Luger
15%
TJP
15%
Tony Nese
15%
Tye Dillinger
15%
Hideo Itami
14%
Shane Thorne
14%
The Godfather
14%
DLC Mike Kanellis
13%
Nick Miller
13%
Ted DiBiase
13%
Cole Quinn
12%
DLC Maria Kanellis '08
12%
No Way Jose
12%
Sycho Sid
11%
Brutus Beefcake
10%
El Mago
10%
Oney Lorcan
10%
Rick Martel
10%
DLC Candice LaRae
8%
Papa Shango
8%
Ricky Morton
8%
Manager Samir Singh
8%
Tatanka
8%
Manager Sunil Singh
7%
Robert Gibson
3%
Killian Dian
1%
No matching quizzes found
Score Distribution
Percent of People with Each Score
Percentile by Number Answered
Your Score History
You have not taken this quiz